000 00439nam a2200181Ia 4500
001 19789
005 20260306172718.0
008 260306t2001||||xx |||||||||||||| ||spa||
041 _aESP
082 _a341.1
_bH41 2001
100 _aHervada, Javier
_eAUT
245 0 _aIntroducción crítica al derecho natural
260 _c2001
300 _a195 páginas :
_c24 cm.
650 _aGEN
654 _aCDE
942 _cLIB
_dJUS
_fJUS
_2ddc
_n
999 _c19789
_d19789